Word Ladder: Best Picture, 1943 Quiz Stats

 Plays Quiz Updated Feb 10, 2016

Challenge
Share
Tweet
Embed
Score 0/24 Timer 03:00
0 Plays Today
Hint 4-Letter Word % Correct
Past tense of 'go'WENT
97.8%
★ Nominee: Heaven Can ____WAIT
97.6%
Desire, fancyWANT
97%
Female horseMARE
95%
★ Nominee: The ____ the Merrier ★MORE
94.7%
★★ Best Picture: ____blanca ★★CASA
93.7%
★ Nominee: The Ox-Bow Inci____DENT
93.4%
Having no companionsLONE
93.4%
Lawyer gigCASE
92.9%
Provide for health, welfareCARE
92.7%
Body of passed-down traditionsLORE
91.7%
Pitch and quality of a soundTONE
86.3%
Hint 4-Letter Word % Correct
Orion's line of three bright starsBELT
86.2%
Large, triangular shoulder muscle (abbrev.)DELT
86.2%
Of great distance or amount of timeLONG
85.8%
Cotton seed capsuleBOLL
78%
★ Nominee: For [Rung 1] the ____ [Rung 12]s ★BELL
76.9%
★ Nominee: For [Rung 1] the [Rung 10] ____s★TOLL
74.6%
★ Nominee: For ____ the [Rung 10] [Rung 12]s ★WHOM
73.6%
Sudden desire or change of mindWHIM
72.4%
★ Nominee: The ____ of Bernadette ★SONG
71.9%
Very small part or amountWHIT
71.8%
Lacquered, decorative tinplateTOLE
68.8%
Unit of subjective loudness equal to 40 phonsSONE
66.1%

Today's Daily Dose

You're not logged in!

Compare scores with friends on all Sporcle quizzes.
Join for Free
OR
Log In

You Might Also Like...

Show Comments

Extras

Top Quizzes Today


Score Distribution

Your Account Isn't Verified!

In order to create a playlist on Sporcle, you need to verify the email address you used during registration. Go to your Sporcle Settings to finish the process.

Report this User

Report this user for behavior that violates our Community Guidelines.

Details: